Soziologie im spatkapitalismus : zur gesellschaftheorie Theodor W. Adornos

Αποθηκεύτηκε σε:
Λεπτομέρειες βιβλιογραφικής εγγραφής
Άλλοι συγγραφείς: Schweppenhauser, Gerhard (Επιμελητής έκδοσης)
Μορφή: Βιβλίο
Γλώσσα:English
Δημοσίευση: Darmstadt : Wissenschaftliche Buchgesellschaft, c1995
Θέματα:
Ετικέτες: Προσθήκη ετικέτας
Δεν υπάρχουν, Καταχωρήστε ετικέτα πρώτοι!

MARC

LEADER 00000nam a2200000 i 4500
001 1/24593
008 981201s1995 eng d
020 |a 3-534-12309-3 
035 |l 10037126 
040 |a GR-MY-UA  |b gre  |e aacr 
041 0 |a eng 
082 0 |a 301.0943 
245 1 0 |a Soziologie im spatkapitalismus :  |b zur gesellschaftheorie Theodor W. Adornos /  |c herausgegeben von Gerhard Schweppenhauser 
260 |a Darmstadt :   |b Wissenschaftliche Buchgesellschaft,   |c c1995 
300 |a 261 p. 
600 1 0 |a Adorno, Theodor W.,   |d 1903-1969. 
650 0 0 |a Sociology  |z Germany  |x History. 
650 0 0 |a Sociology  |x Methodology  |x History. 
700 1 |a Schweppenhauser, Gerhard.  |4 edt 
852 |a INST  |b LESVOS  |e 19981201  |h 301.0943 SOZ  |p 005100017711  |q 005100017711  |t BK  |y 0 
901 |a BIBL-1999-1 
909 |a Λ  |b 060938 
922 |a 1ΕΛΗ  |b 199811  |c ΚΠΣ/ΤΚ  |d ΠΑΠΑΣΩΤΗΡΙΟΥ 
950 |a 103-1998-07-27